Rescued by love /

Tallennettuna:
Bibliografiset tiedot
Päätekijä: Vincent, Joan, 1945-
Aineistotyyppi: Kirja
Kieli:English
Julkaistu: New York : Dell, 1981.
LEADER 00696nam a2200205 a 4500
001 c000231061
003 CARM
005 20070918140308.0
008 900918s1981 enk 000 1 eng d
019 1 |a 41486752  |5 LACONCORD2021 
020 |a 0440174333 
035 |a (OCoLC)8237869  |5 LACONCORD2021 
040 |a VCAV  |c VCAV 
100 1 |a Vincent, Joan,  |d 1945- 
245 1 0 |a Rescued by love /  |c Joan Vincent. 
260 |a New York :  |b Dell,  |c 1981. 
300 |a 255 p. 
852 8 |b CARM  |h A2:AQ27A0  |i A04164  |p 0319544  |f BK 
999 f f |i ac03e357-c0e5-5c0b-a968-7ce36a71969d  |s 4b9d4366-7ab4-5513-95a9-38ef33394a36 
952 f f |p Can circulate  |a CAVAL  |b CAVAL  |c CAVAL  |d CARM 1 Store  |e A04164  |f A2:AQ27A0  |h Other scheme  |i book  |m 0319544